00513nam a22001577a 4500003000200000005001700002008004100019020002200060050002200082100002700104245006200131260004300193300002400236504005200260650004300312020240109122516.0240109b xxu||||| |||| 00| 0 eng d a978-621-406-149-5 aU 660 b.G66 2018 aGonzalvo, Romeo P. Jr. aNational service training programcRomeo P. Gonzalvo, Jr. aManilabMindshapers Co., Inc. cc2018. a158 pages ;c26cm.  aIncludes bibliographical references and index.  aNational service--study and teaching.